000 01107cam a2200349 a 4500
001 12457909
003 OSt
005 20231204140846.0
008 001220s2001 ii 000 0 eng
010 _a 00411494
025 _aI-E-00-411494; 63-92
035 _a(DLC) 00411494
037 _bLibrary of Congress -- New Delhi Field Office
_cRs150.00
040 _aDLC
_cDLC
041 0 _aenghin
042 _alcode
043 _aa-ii---
050 0 0 _aPK1931
_b.A75 2001
082 _a306.44954
_bRAI/H
100 0 _aAlok Rai
_910000
245 1 0 _aHindi nationalism /
_cAlok Rai.
260 _aHyderabad, A.P. :
_bOrient Longman,
_c2001.
300 _axiv, 138 p. ;
_c23 cm.
490 1 _aTracts for the times ;
_v13
546 _aIncludes passages in Hindi.
650 0 _aHindi language
_xPolitical aspects
_zIndia.
650 0 _aLanguage policy
_zIndia.
830 0 _aTracts for the times (New Delhi, India) ;
_v13.
906 _a7
_bcbc
_corigode
_d3
_encip
_f20
_gy-gencatlg
942 _2ddc
_cBK
_h306.44954
_iRAI/H
_k306.44954
_mRAI/H
999 _c43860
_d43860